| 000 | 01414cam a22003134a 4500 | ||
|---|---|---|---|
| 001 | 12186017 | ||
| 003 | USPCAS-E | ||
| 005 | 20180118181418.0 | ||
| 008 | 000926s2001 nyua b 001 0 eng | ||
| 010 | _a 00047761 | ||
| 020 | _a0471175943 (cloth : alk. paper) | ||
| 040 |
_aDLC _cDLC _dDLC |
||
| 042 | _apcc | ||
| 050 | 0 | 0 |
_aQC718 _b.S5635 2001 |
| 082 | 0 | 0 |
_a530 _221.44 _bSMI-P 2004 |
| 100 | 1 |
_aSmirnov, B. M. _q(Boris Mikhaĭlovich), _d1938- |
|
| 245 | 1 | 0 |
_aPhysics of ionized gases / _cBoris M. Smirnov ; with the editorial collaboration of Howard R. Reiss. |
| 260 |
_aNew York : _bJohn Wiley, _cc2004(1998). |
||
| 300 |
_axiv, 381 p. : _bill. ; _c24 cm. |
||
| 502 | _a. | ||
| 504 | _aIncludes bibliographical references (p. 374-376) and index. | ||
| 650 | 0 | _aPlasma (Ionized gases) | |
| 856 | 4 | 2 |
_3Contributor biographical information _uhttp://www.loc.gov/catdir/bios/wiley042/00047761.html |
| 856 | 4 | 2 |
_3Publisher description _uhttp://www.loc.gov/catdir/description/wiley034/00047761.html |
| 856 | 4 |
_3Table of Contents _uhttp://www.loc.gov/catdir/toc/onix05/00047761.html |
|
| 906 |
_a7 _bcbc _corignew _d1 _eocip _f20 _gy-gencatlg |
||
| 942 |
_2ddc _cBK |
||
| 999 |
_c355928 _d355928 |
||